000 00804nam a22001817a 4500
005 20120418132828.0
020 _c175.00
_a8186803300
035 _aB-259928
037 _b
_adpl
082 _a338.9
100 _aकटारिया, सुरेन्द्र
_945336
245 1 _aआर्थिक नीति एवं प्रशासन /
_cसुरेन्द्र कटारिया
260 _aजयपुर
_bमलिक एण्ड कम्पनी
_c2007
270 _a
_b
_e
_k
300 _a480पृ.
_c22सेमी (सजिल्द)
942 _adpl
_cHN
_k
_2ddc
_h338.9
_mकटारि
999 _c65227
_d65227